[Event "Titled Tue 27th May Late"]
[Site "chess.com INT"]
[Date "2025.05.27"]
[Round "5"]
[White "Reprintsev, Alexander"]
[Black "Sieciechowicz, Marcin"]
[Result "0-1"]
[WhiteTitle "IM"]
[BlackTitle "IM"]
[WhiteElo "2256"]
[BlackElo "2410"]
[WhiteFideId "14100541"]
[BlackFideId "1130170"]
[EventDate "2025.05.27"]

1. e4 e6 2. Nf3 d5 3. e5 c5 4. b4 d4 5. c3 Nc6 6. b5 Nce7 7. cxd4 cxd4 8. Bb2
Nf5 9. Bd3 Ngh6 10. h3 Bc5 11. Qc2 b6 12. Na3 Bb7 13. Be4 Bxe4 14. Qxe4 O-O 15.
O-O Rc8 16. Nc4 d3 17. Kh2 Qd7 18. a4 Rfd8 19. Rac1 Ne7 20. Rc3 Qd5 21. Qf4 Ng6
22. Qg5 Be7 23. Qg3 Rxc4 0-1

[Event "Titled Tue 27th May Late"]
[Site "chess.com INT"]
[Date "2025.05.27"]
[Round "5"]
[White "Nowak, Mikolaj"]
[Black "Suleymanli, Suleyman"]
[Result "0-1"]
[BlackTitle "FM"]
[WhiteElo "2316"]
[BlackElo "2322"]
[WhiteFideId "1191365"]
[BlackFideId "13416375"]
[EventDate "2025.05.27"]

1. f3 d5 2. Kf2 e5 3. g3 Nf6 4. Bh3 c5 5. Kg2 Nc6 6. d3 Bd6 7. Bg5 h6 8. Bxf6
Qxf6 9. e4 Be6 10. Nc3 d4 11. Nce2 g5 12. Bxe6 Qxe6 13. Nh3 Ne7 14. c4 f5 15.
Nf2 O-O-O 16. g4 fxg4 17. fxg4 Ng6 18. Ng3 Nf4+ 19. Kg1 h5 20. gxh5 Kc7 21. h3
Rdf8 22. Qg4 Qe8 23. b3 Nxh5 24. Nxh5 Rxh5 25. Rf1 Rh4 26. Qg3 Rhf4 27. Kg2 Qf7
28. Rhg1 Rf3 29. Qg4 Rxf2+ 0-1

[Event "Titled Tue 27th May Late"]
[Site "chess.com INT"]
[Date "2025.05.27"]
[Round "5"]
[White "Kochavi, Dana"]
[Black "Ertan, Can"]
[Result "1-0"]
[WhiteTitle "FM"]
[BlackTitle "IM"]
[WhiteElo "2226"]
[BlackElo "2369"]
[WhiteFideId "2837137"]
[BlackFideId "6306330"]
[EventDate "2025.05.27"]

1. e4 e5 2. Nf3 Nc6 3. Bb5 a6 4. Ba4 Nf6 5. d3 Bc5 6. O-O b5 7. Bb3 O-O 8. c3 d6
9. h3 Bb6 10. a4 b4 11. Nbd2 bxc3 12. bxc3 Na5 13. Ba2 Rb8 14. Ba3 Be6 15. Bxe6
fxe6 16. d4 exd4 17. cxd4 Nh5 18. e5 Nf4 19. Rc1 Rf5 20. exd6 cxd6 21. Ne4 d5
22. Ng3 Rf6 23. Ne5 Nb3 24. Nc6 1-0

[Event "Titled Tue 27th May Late"]
[Site "chess.com INT"]
[Date "2025.05.27"]
[Round "5"]
[White "Albertini, Luca"]
[Black "Morris-Suzuki, Alan H"]
[Result "0-1"]
[WhiteElo "2139"]
[BlackElo "1986"]
[WhiteFideId "847038"]
[BlackFideId "30933218"]
[EventDate "2025.05.27"]

1. d4 g6 2. c4 Bg7 3. Nc3 d6 4. e4 e5 5. Nf3 Nc6 6. Be3 Bg4 7. d5 Bxf3 8. Qxf3
Nd4 9. Qd1 c5 10. dxc6 bxc6 11. Ne2 Qa5+ 12. Bd2 Qb6 13. Bc3 Ne7 14. b4 O-O 15.
a4 f5 16. a5 Qb7 17. Rb1 fxe4 18. Nxd4 exd4 19. Bxd4 Bxd4 20. Qxd4 Nf5 21. Qc3
e3 22. f3 Qe7 23. g3 c5 24. Bd3 Nd4 25. Be4 Nxf3+ 26. Bxf3 Rxf3 27. Rf1 Rxf1+
28. Kxf1 Qe4 29. Rb2 Rf8+ 30. Ke1 Qh1+ 31. Ke2 Qf3+ 32. Ke1 Qf1# 0-1

[Event "Titled Tue 27th May Late"]
[Site "chess.com INT"]
[Date "2025.05.27"]
[Round "5"]
[White "Zhukovskyi, Oleksandr"]
[Black "Sklokin, Sergey"]
[Result "0-1"]
[WhiteTitle "CM"]
[BlackTitle "FM"]
[WhiteElo "2153"]
[BlackElo "2311"]
[WhiteFideId "14169371"]
[BlackFideId "55730230"]
[EventDate "2025.05.27"]

1. b3 c5 2. Bb2 d5 3. e3 Nc6 4. Nf3 Nf6 5. d4 Bf5 6. Be2 e6 7. Nh4 Be4 8. f3 Bg6
9. Nxg6 hxg6 10. c4 cxd4 11. Bxd4 Bd6 12. cxd5 Nxd5 13. f4 Bb4+ 14. Kf2 O-O 15.
Bf3 Rc8 16. Bb2 Qb6 17. Bxd5 exd5 18. Nc3 d4 19. exd4 Bxc3 20. Bxc3 Rfd8 21. Rc1
Ne7 22. Bd2 Rxc1 23. Qxc1 Nf5 24. Be3 Qa6 25. a4 Qd3 26. Rd1 Qxb3 27. g4 Nxe3
28. Qxe3 Qxd1 29. Qe7 Qxd4+ 0-1

[Event "Titled Tue 27th May Late"]
[Site "chess.com INT"]
[Date "2025.05.27"]
[Round "5"]
[White "Rustamov, Rustam"]
[Black "Mahdavi, Reza"]
[Result "0-1"]
[WhiteTitle "FM"]
[BlackTitle "IM"]
[WhiteElo "2323"]
[BlackElo "2445"]
[WhiteFideId "13440110"]
[BlackFideId "12595926"]
[EventDate "2025.05.27"]

1. e4 c5 2. Nf3 d6 3. d4 cxd4 4. Nxd4 Nf6 5. Nc3 a6 6. a3 g6 7. f3 Bg7 8. Be3
Nbd7 9. Bc4 Qc7 10. Bb3 b5 11. Qe2 Bb7 12. O-O O-O 13. Rfe1 Rac8 14. Rac1 Ne5
15. Nd5 Nxd5 16. exd5 Nc4 17. Bf2 Rfe8 18. Bxc4 Qxc4 19. Qxc4 Rxc4 20. Red1 Bxd5
21. Nxb5 axb5 22. Rxd5 Bxb2 23. Re1 Rxc2 24. Rxd6 Bxa3 25. Rd7 Rb8 26. Bg3 Bc5+
27. Kf1 Ra8 28. Rb7 b4 29. Rd1 Raa2 30. Rb5 f6 31. Be1 Kf7 32. Rd7 b3 33. Rxb3
Rxg2 0-1

[Event "Titled Tue 27th May Late"]
[Site "chess.com INT"]
[Date "2025.05.27"]
[Round "5"]
[White "Pribelszky, Bence"]
[Black "Swara Lakshmi S Nair"]
[Result "1-0"]
[WhiteTitle "IM"]
[BlackTitle "WCM"]
[WhiteElo "2400"]
[BlackElo "2178"]
[WhiteFideId "769738"]
[BlackFideId "25629239"]
[EventDate "2025.05.27"]

1. e4 c5 2. Nf3 d6 3. Bb5+ Nd7 4. c3 Nf6 5. Bd3 e6 6. Bc2 b5 7. O-O Bb7 8. Re1
Be7 9. d4 O-O 10. Nbd2 Rc8 11. Nf1 a6 12. Ng3 Qc7 13. e5 dxe5 14. dxe5 Nd5 15.
Qd3 g6 16. Bh6 Rfd8 17. Rad1 Bf8 18. Qd2 Ne7 19. Bxf8 Nxf8 20. Qh6 Bxf3 21. Rxd8
Rxd8 22. gxf3 Nf5 23. Bxf5 exf5 24. h4 Ne6 25. h5 Qe7 26. hxg6 fxg6 27. Kf1 Rd2
28. Qxd2 Qh4 29. Qd6 Nf4 30. Rd1 Qh2 31. Qd8+ Kg7 32. Qf6+ Kh6 33. Nxf5+ Kh5 34.
Ng3+ Kh6 35. Qxf4+ g5 36. Qf6# 1-0

[Event "Titled Tue 27th May Late"]
[Site "chess.com INT"]
[Date "2025.05.27"]
[Round "5"]
[White "Aradhya, Garg"]
[Black "Sarana, Alexey"]
[Result "0-1"]
[WhiteTitle "IM"]
[BlackTitle "GM"]
[WhiteElo "2383"]
[BlackElo "2686"]
[WhiteFideId "25006746"]
[BlackFideId "24133795"]
[EventDate "2025.05.27"]

1. d4 Nf6 2. c4 e6 3. Nf3 d5 4. Nc3 Nbd7 5. cxd5 exd5 6. Bg5 Bb4 7. e3 c5 8. Bd3
Qa5 9. Qc2 c4 10. Bf5 O-O 11. O-O h6 12. Bf4 Nh5 13. a3 Bxc3 14. bxc3 Nxf4 15.
exf4 Nf6 16. Rfc1 Bxf5 17. Qxf5 Ne4 18. Ne5 Nxc3 19. Nxc4 Ne2+ 20. Kf1 Qa6 21.
Kxe2 dxc4 22. Kf3 Rfd8 23. Qe4 Rac8 24. Rc3 b5 25. Rb1 Qa5 26. Rb4 a6 27. h4 Qc7
28. g4 Qd6 29. Re3 Re8 30. Qxe8+ Rxe8 31. Rxe8+ Kh7 32. Ke3 Qd7 33. Re5 Qxg4 34.
d5 Qd1 35. f3 Qd3+ 36. Kf2 c3 37. d6 Qxd6 38. Re2 Qc5+ 39. Kg3 c2 0-1

[Event "Titled Tue 27th May Late"]
[Site "chess.com INT"]
[Date "2025.05.27"]
[Round "5"]
[White "Shirov, Alexei"]
[Black "Zlatkov, Anton"]
[Result "1-0"]
[WhiteTitle "GM"]
[BlackTitle "FM"]
[WhiteElo "2620"]
[BlackElo "2322"]
[WhiteFideId "2209390"]
[BlackFideId "15005402"]
[EventDate "2025.05.27"]

1. e4 c5 2. Nf3 d6 3. d4 cxd4 4. Nxd4 Nf6 5. Nc3 Nc6 6. Bg5 Bd7 7. Bxf6 gxf6 8.
Be2 a6 9. O-O e6 10. Kh1 b5 11. Nxc6 Bxc6 12. a3 Rc8 13. f4 h5 14. f5 h4 15.
fxe6 fxe6 16. Bg4 Ke7 17. Qe2 Bd7 18. a4 b4 19. Nd5+ exd5 20. exd5+ Kf7 21. Be6+
Bxe6 22. Qxe6+ Kg7 23. Rf4 Rh5 24. Raf1 Be7 25. Rg4+ Rg5 26. Rxg5+ fxg5 27. Rf7+
Kh8 28. Qh6+ 1-0

[Event "Titled Tue 27th May Late"]
[Site "chess.com INT"]
[Date "2025.05.27"]
[Round "5"]
[White "Burmakin, Vladimir"]
[Black "Ermolaev, Evgeny"]
[Result "1-0"]
[WhiteTitle "GM"]
[BlackTitle "FM"]
[WhiteElo "2435"]
[BlackElo "2282"]
[WhiteFideId "4105109"]
[BlackFideId "24103195"]
[EventDate "2025.05.27"]

1. d4 Nf6 2. Nf3 g6 3. Bf4 Bg7 4. e3 O-O 5. Be2 d5 6. h3 c5 7. c3 b6 8. O-O Nc6
9. Nbd2 Bb7 10. Bh2 Nd7 11. Qa4 a6 12. Rfd1 b5 13. Qc2 c4 14. e4 e6 15. e5 b4
16. b3 cxb3 17. axb3 bxc3 18. Qxc3 Qb6 19. Bf4 a5 20. Qe3 Nb4 21. Rac1 Rfc8 22.
Bh6 Qd8 23. Bxg7 Kxg7 24. h4 h6 25. Nb1 Ba6 26. Bxa6 Rxa6 27. Rxc8 Qxc8 28. Rc1
Rc6 29. Rxc6 Qc7 30. Rxc7 1-0

[Event "Titled Tue 27th May Late"]
[Site "chess.com INT"]
[Date "2025.05.27"]
[Round "5"]
[White "Gutkin, Ilya"]
[Black "Maglioni, Leonardo"]
[Result "1-0"]
[WhiteTitle "FM"]
[WhiteElo "2320"]
[BlackElo "2069"]
[WhiteFideId "16203470"]
[BlackFideId "2896830"]
[EventDate "2025.05.27"]

1. e4 e5 2. Nf3 Nc6 3. Bb5 a6 4. Bxc6 dxc6 5. Nc3 f6 6. d4 exd4 7. Qxd4 Qxd4 8.
Nxd4 Bc5 9. Nb3 Bd6 10. Be3 Ne7 11. Bc5 Be6 12. Bxd6 cxd6 13. O-O-O Bxb3 14.
axb3 O-O-O 15. Rd2 Kc7 16. Rhd1 Ng6 17. g3 Ne5 18. f4 Ng6 19. h4 h5 20. Rd4 Ne7
21. b4 Nc8 22. Kd2 Nb6 23. Ke2 Rd7 24. Kf3 Re8 25. b3 Rh8 26. Rg1 Nc8 27. Rd2
Re7 28. g4 hxg4+ 29. Rxg4 Rh7 30. Ne2 Re8 31. Nd4 Reh8 32. Nf5 Kd7 33. Rdg2 Ke6
34. Rxg7 Rxg7 35. Rxg7 d5 36. Rxb7 dxe4+ 37. Kxe4 Nd6+ 38. Nxd6 Kxd6 39. Kf5
Rxh4 40. c4 Rh3 41. c5+ Kd5 42. Rd7# 1-0

[Event "Titled Tue 27th May Late"]
[Site "chess.com INT"]
[Date "2025.05.27"]
[Round "5"]
[White "Brown, Akeem"]
[Black "Vazelakis, Dimitrios"]
[Result "1-0"]
[WhiteTitle "CM"]
[WhiteElo "2055"]
[BlackElo "1857"]
[WhiteFideId "7402023"]
[BlackFideId "4203674"]
[EventDate "2025.05.27"]

1. e4 d6 2. d4 Nf6 3. Nc3 e5 4. dxe5 dxe5 5. Qxd8+ Kxd8 6. Bg5 Be6 7. Nf3 Nd7 8.
Nd2 Bb4 9. O-O-O Bxc3 10. bxc3 Ke7 11. Bc4 c6 12. f3 b5 13. Bxe6 Kxe6 14. c4 Nb6
15. cxb5 cxb5 16. Nb3 Rac8 17. Be3 Nfd7 18. Rd3 f6 19. Rhd1 Rhd8 20. Rd6+ Ke7
21. Na5 Nc4 22. Nxc4 Rxc4 23. Bxa7 Rcc8 24. Kb2 Ra8 25. Be3 Rac8 26. R1d5 b4 27.
Bd2 Rc4 28. Kb3 Rd4 29. Bxb4 Rxd5 30. Rxd5+ Ke8 31. a4 Rc8 32. a5 Nf8 33. Bxf8
Kxf8 34. a6 Ra8 35. Rd6 Ke7 36. Rb6 g6 37. c4 Kd7 38. c5 Kc7 39. Kb4 Rd8 40.
Rxf6 Rd4+ 41. Kb5 Rd2 42. Rf7+ Kc8 43. Kc6 1-0

[Event "Titled Tue 27th May Late"]
[Site "chess.com INT"]
[Date "2025.05.27"]
[Round "5"]
[White "Marino Bravo, Miguel Angel"]
[Black "Deveci, Huseyin Said"]
[Result "0-1"]
[WhiteTitle "CM"]
[BlackTitle "CM"]
[WhiteElo "2134"]
[BlackElo "2212"]
[WhiteFideId "2208970"]
[BlackFideId "26322455"]
[EventDate "2025.05.27"]

1. d4 Nf6 2. Bf4 d6 3. Nc3 g6 4. e4 Bg7 5. Qd2 Nbd7 6. Nf3 O-O 7. O-O-O c5 8.
dxc5 Nxc5 9. e5 Nfe4 10. Nxe4 Nxe4 11. Qe3 Bf5 12. g4 Bxg4 13. Qxe4 Rc8 14. Be2
Bf5 15. Qa4 b5 16. Qb3 Rxc2+ 17. Qxc2 Bxc2 18. Kxc2 Qc8+ 19. Kd2 Qc5 20. Be3
Qb4+ 21. Kc2 Qe4+ 22. Kd2 dxe5 23. Ke1 Qb4+ 24. Kf1 Qxb2 25. Rd2 Qb1+ 26. Kg2
Qe4 27. Bxb5 Qg4+ 28. Kf1 Qxf3 29. Rg1 Qh3+ 30. Ke2 e4 31. Rgd1 Qh5+ 32. Ke1
Qxb5 0-1

[Event "Titled Tue 27th May Late"]
[Site "chess.com INT"]
[Date "2025.05.27"]
[Round "5"]
[White "Karas, Eugenia"]
[Black "Gimeno Martos, Roberto"]
[Result "1-0"]
[WhiteTitle "WFM"]
[BlackTitle "CM"]
[WhiteElo "2124"]
[BlackElo "2090"]
[WhiteFideId "463485"]
[BlackFideId "2226804"]
[EventDate "2025.05.27"]

1. Nf3 g6 2. d4 Bg7 3. c4 c6 4. g3 d5 5. Nbd2 Nf6 6. Bg2 O-O 7. O-O Bg4 8. b3
Nbd7 9. Bb2 Bxf3 10. Bxf3 Re8 11. e4 dxe4 12. Nxe4 Nxe4 13. Bxe4 e5 14. Bg2 exd4
15. Bxd4 Bxd4 16. Qxd4 Qc7 17. Rad1 Rad8 18. Qc3 Nf8 19. h4 h5 20. Bh3 Rxd1 21.
Rxd1 Qe5 22. Qxe5 Rxe5 23. Kf1 Kg7 24. Rd8 Ra5 25. a4 b5 26. cxb5 cxb5 27. Rd5
a6 28. Ke2 Nh7 29. Kd3 Nf6 30. Rc5 Ne8 31. Kc3 b4+ 32. Kxb4 Rxc5 33. Kxc5 Nf6
34. f3 Nh7 35. Bc8 g5 36. Bxa6 gxh4 37. gxh4 Nf6 38. Bc8 Ne8 39. a5 Kf6 40. a6
Ke7 41. a7 Nc7 42. Kc6 Na8 43. Kb7 Kf6 44. Kxa8 Kg7 45. Kb7 1-0

[Event "Titled Tue 27th May Late"]
[Site "chess.com INT"]
[Date "2025.05.27"]
[Round "5"]
[White "Mizzi, Jack"]
[Black "Krotov, Damian"]
[Result "1-0"]
[WhiteTitle "CM"]
[WhiteElo "2086"]
[BlackElo "1967"]
[WhiteFideId "5602521"]
[BlackFideId "24208213"]
[EventDate "2025.05.27"]

1. d4 Nf6 2. c4 Nc6 3. Nf3 e6 4. g3 Bb4+ 5. Nbd2 O-O 6. Bg2 d6 7. O-O e5 8. d5
Ne7 9. e4 Nh5 10. Nb3 c5 11. dxc6 Nxc6 12. a3 Ba5 13. Nxa5 Nxa5 14. Nd2 g6 15.
b4 Nc6 16. Bb2 Ng7 17. f4 Ne6 18. fxe5 dxe5 19. Nf3 f6 20. Qxd8 Rxd8 21. Rad1
Bd7 22. Rd6 Kf7 23. Nxe5+ Nxe5 24. Bxe5 Ke7 25. Rxf6 Ng5 26. c5 Nf7 27. Bd4 Nxd6
28. cxd6+ Ke8 29. e5 Bc6 30. Bxc6+ bxc6 31. Bc5 a5 32. e6 axb4 33. d7+ Rxd7 34.
Rf8# 1-0

[Event "Titled Tue 27th May Late"]
[Site "chess.com INT"]
[Date "2025.05.27"]
[Round "5"]
[White "Borisov, Yuri"]
[Black "Asish Panda"]
[Result "0-1"]
[WhiteTitle "FM"]
[WhiteElo "2285"]
[BlackElo "1911"]
[WhiteFideId "1503928"]
[BlackFideId "45012458"]
[EventDate "2025.05.27"]

1. e4 e6 2. Nf3 d5 3. e5 c5 4. b4 d4 5. bxc5 Bxc5 6. Bd3 Ne7 7. O-O Nbc6 8. Na3
Ng6 9. Nc4 O-O 10. Re1 Nf4 11. Be4 d3 12. Bb2 Bd7 13. cxd3 b5 14. Ne3 Rc8 15.
Rc1 Nb4 16. Qb3 a5 17. d4 a4 18. Qd1 Be7 19. Rxc8 Bxc8 20. Qb1 h6 21. a3 Nbd5
22. g3 Ng6 23. h4 Bb7 24. h5 Nxe3 25. hxg6 Bxe4 26. Qxe4 Nc4 27. gxf7+ Rxf7 28.
Bc1 Bxa3 29. Bxa3 Nxa3 30. Re3 Nc4 31. Rc3 a3 32. d3 a2 33. Rc1 Nb6 34. Ra1 Qd5
35. Qxd5 Nxd5 36. Kg2 Nc3 37. Nd2 b4 38. Nb3 Ra7 39. f4 Ra3 40. Nc1 b3 41. Nxb3
Rxb3 42. Kf3 Rb1 0-1

[Event "Titled Tue 27th May Late"]
[Site "chess.com INT"]
[Date "2025.05.27"]
[Round "5"]
[White "Wang, Daniel"]
[Black "Ferrara, Enzo"]
[Result "0-1"]
[WhiteTitle "CM"]
[WhiteElo "2030"]
[BlackElo "2138"]
[WhiteFideId "3238873"]
[BlackFideId "137731"]
[EventDate "2025.05.27"]

1. e4 e6 2. d4 d5 3. exd5 exd5 4. Bd3 Nc6 5. Nf3 Bg4 6. c3 Bd6 7. Nbd2 Nge7 8.
Qc2 Qd7 9. h3 Bh5 10. b4 Bg6 11. Bxg6 hxg6 12. a4 Nf5 13. O-O f6 14. Re1+ Nce7
15. Re2 g5 16. Nb3 b6 17. a5 Kf7 18. Ne5+ Bxe5 19. dxe5 Qc6 20. exf6 gxf6 21.
Qd3 Qc4 22. Qc2 g4 23. Nd2 Qxe2 0-1

[Event "Titled Tue 27th May Late"]
[Site "chess.com INT"]
[Date "2025.05.27"]
[Round "5"]
[White "Arabidze, Meri"]
[Black "Cervantes Landeiro, Thalia"]
[Result "1-0"]
[WhiteTitle "IM"]
[BlackTitle "FM"]
[WhiteElo "2440"]
[BlackElo "2278"]
[WhiteFideId "13604040"]
[BlackFideId "3520498"]
[EventDate "2025.05.27"]

1. b3 d5 2. Bb2 Nf6 3. e3 c5 4. f4 Nc6 5. Bb5 Bd7 6. Nf3 g6 7. O-O Bg7 8. d3 O-O
9. Bxc6 Bxc6 10. Ne5 Rc8 11. Nxc6 Rxc6 12. Nd2 d4 13. e4 e5 14. f5 h5 15. a4 Ng4
16. Nc4 Bh6 17. Bc1 Ne3 18. Nxe3 dxe3 19. Bb2 Qe7 20. Qf3 Rf6 21. Qg3 Bf4 22.
Rxf4 exf4 23. Qxf4 gxf5 24. Qg5+ Rg6 25. Qxe7 f4 26. Qe5 Kh7 27. Qxh5+ Rh6 28.
Qf5+ Rg6 29. Qxf4 1-0

[Event "Titled Tue 27th May Late"]
[Site "chess.com INT"]
[Date "2025.05.27"]
[Round "5"]
[White "Weidenhoefer, Max"]
[Black "Lavorgna, Giovanni"]
[Result "1-0"]
[WhiteTitle "CM"]
[BlackTitle "CM"]
[WhiteElo "2171"]
[BlackElo "1902"]
[WhiteFideId "16230566"]
[BlackFideId "11800100"]
[EventDate "2025.05.27"]

1. Nf3 c5 2. e4 Nc6 3. d4 cxd4 4. Nxd4 g6 5. c4 Bg7 6. Be3 Nf6 7. Nc3 O-O 8. Be2
Nxd4 9. Bxd4 d6 10. O-O a5 11. f4 Nd7 12. Bf3 Nc5 13. Kh1 Bxd4 14. Qxd4 Qb6 15.
Nd5 Qd8 16. Rad1 Be6 17. e5 Bxd5 18. Bxd5 Qb6 19. f5 dxe5 20. Qxe5 Rae8 21. Rf3
Qf6 22. Qe3 Qb6 23. Qh6 Qxb2 24. f6 exf6 25. Rh3 1-0

[Event "Titled Tue 27th May Late"]
[Site "chess.com INT"]
[Date "2025.05.27"]
[Round "5"]
[White "Khandhadia, Nivaan Rathin"]
[Black "Garcia Garcia, Samuel 2002 I"]
[Result "0-1"]
[WhiteTitle "CM"]
[BlackTitle "CM"]
[WhiteElo "2112"]
[BlackElo "2096"]
[WhiteFideId "25753274"]
[BlackFideId "24576158"]
[EventDate "2025.05.27"]

1. d4 d5 2. c4 c6 3. Nc3 dxc4 4. a4 e5 5. e3 exd4 6. exd4 Be6 7. Nf3 Be7 8. Ne5
Nf6 9. Nxc4 O-O 10. Be2 Nbd7 11. O-O Nb6 12. Nxb6 axb6 13. Bf4 Qd7 14. Rc1 Rfd8
15. Be5 Ra5 16. Qc2 Nd5 17. Nxd5 Bxd5 18. Bc4 Bd6 19. Bxd5 Rxd5 20. Bxd6 Qxd6
21. Rfd1 Rxd4 22. Rxd4 Qxd4 23. Re1 g6 24. h3 Rd7 25. Qc1 Qd2 26. Re8+ Kg7 27.
Qxd2 Rxd2 28. Re7 Rxb2 29. Rxb7 Rb4 30. a5 bxa5 31. Ra7 Ra4 32. Ra6 c5 33. Rc6
c4 34. Rc5 Kf6 35. Kf1 Ke6 36. Ke2 Kd6 37. Rb5 Ra2+ 38. Kf3 c3 39. Ke3 a4 40.
Kd3 Rxf2 41. Kxc3 a3 42. Ra5 a2 43. Kb3 Rxg2 44. Rxa2 Rxa2 45. Kxa2 Ke5 0-1

[Event "Titled Tue 27th May Late"]
[Site "chess.com INT"]
[Date "2025.05.27"]
[Round "5"]
[White "Sethuraman, Roshan"]
[Black "Clawitter, Craig"]
[Result "1-0"]
[WhiteElo "2074"]
[BlackElo "2050"]
[WhiteFideId "30965250"]
[BlackFideId "2023105"]
[EventDate "2025.05.27"]

1. e4 e5 2. Nf3 Nc6 3. Bb5 a6 4. Ba4 Nf6 5. O-O Be7 6. Re1 b5 7. Bb3 d6 8. c3
O-O 9. h3 Nb8 10. d4 Nbd7 11. Nbd2 Bb7 12. Bc2 Re8 13. Nf1 Bf8 14. Ng3 g6 15. b3
c6 16. Bb2 h5 17. c4 exd4 18. Nxd4 h4 19. Nf1 c5 20. Nf3 Nxe4 21. Bxe4 Bxe4 22.
Qd2 Bxf3 23. gxf3 Ne5 24. Kg2 Qd7 25. Bxe5 Rxe5 26. Rxe5 Bg7 27. Rae1 Bxe5 28.
Rxe5 bxc4 29. bxc4 Qa4 30. Qxd6 Qxc4 31. Qc6 Rd8 32. Qxc5 Qxa2 33. Qa5 Qxa5 34.
Rxa5 Rd6 35. Ne3 f6 36. Nd5 Kf7 37. Nb4 g5 38. Nxa6 Kg6 39. Nc5 Rd5 40. Nb3 Rd3
41. Rb5 f5 42. Nc5 Rd5 43. Rb6+ Kh5 44. Ne6 Re5 45. Ng7# 1-0

[Event "Titled Tue 27th May Late"]
[Site "chess.com INT"]
[Date "2025.05.27"]
[Round "5"]
[White "Bratovic, Blaz"]
[Black "Perry, Patrick"]
[Result "1-0"]
[WhiteTitle "IM"]
[WhiteElo "2319"]
[BlackElo "2296"]
[WhiteFideId "14603551"]
[BlackFideId "30917727"]
[EventDate "2025.05.27"]

1. e4 Nf6 2. e5 Nd5 3. d4 d6 4. Nf3 Bg4 5. Be2 e6 6. c4 Nb6 7. h3 Bh5 8. Nc3 Be7
9. exd6 cxd6 10. g4 Bg6 11. d5 exd5 12. cxd5 N8d7 13. Be3 Rc8 14. Qb3 Nc5 15.
Qb5+ Qd7 16. h4 h5 17. g5 Qxb5 18. Bxb5+ Nbd7 19. Bxc5 Rxc5 20. Kd2 a6 21. Bd3
Nb6 22. Bxg6 fxg6 23. Nd4 Nxd5 24. Ne6 Ra5 25. Rhd1 Kf7 26. Nd4 Nxc3 27. bxc3
Rd5 28. a4 Rc8 29. Re1 Bd8 30. Rab1 Rc7 31. Kd3 Rdc5 32. Rb3 Re7 33. Rxe7+ Bxe7
34. Rxb7 Ra5 35. Rxe7+ Kxe7 36. Nc6+ Ke6 37. Nxa5 1-0

[Event "Titled Tue 27th May Late"]
[Site "chess.com INT"]
[Date "2025.05.27"]
[Round "5"]
[White "Modric, Nesa"]
[Black "Bongo Akanga Ndjila, Barthelemy"]
[Result "1-0"]
[WhiteTitle "CM"]
[BlackTitle "CM"]
[WhiteElo "2088"]
[BlackElo "1847"]
[WhiteFideId "922579"]
[BlackFideId "10609431"]
[EventDate "2025.05.27"]

1. d4 d5 2. Bg5 c5 3. dxc5 Nc6 4. e3 Qa5+ 5. Nc3 e6 6. a3 Qxc5 7. Nf3 h6 8. Bh4
g5 9. Bg3 Bg7 10. Bb5 Bxc3+ 11. bxc3 Qxb5 12. Ne5 Nxe5 13. Bxe5 Rh7 14. Rb1 Qa6
15. h4 gxh4 16. Rxh4 Ne7 17. Bf6 Nf5 18. Rhb4 b6 19. e4 Ne7 20. Bxe7 Kxe7 21.
exd5 exd5 22. Qxd5 Be6 23. Qxa8 Qxa3 24. Kd2 Qa5 25. Rd4 Kf6 26. Re1 Qg5+ 27.
Re3 Qxg2 28. Qxg2 1-0

[Event "Titled Tue 27th May Late"]
[Site "chess.com INT"]
[Date "2025.05.27"]
[Round "5"]
[White "Le, Quang Liem"]
[Black "Akobian, Varuzhan"]
[Result "1-0"]
[WhiteTitle "GM"]
[BlackTitle "GM"]
[WhiteElo "2729"]
[BlackElo "2564"]
[WhiteFideId "12401137"]
[BlackFideId "13300580"]
[EventDate "2025.05.27"]

1. Nf3 Nf6 2. c4 e6 3. b3 d5 4. Bb2 c5 5. e3 a6 6. Nc3 Nc6 7. cxd5 exd5 8. Rc1
b5 9. a4 b4 10. Ne2 Bb7 11. Nf4 Be7 12. Bxf6 gxf6 13. Nh4 Ne5 14. Nf5 Qd7 15.
Nxe7 Qxe7 16. d4 cxd4 17. Qxd4 O-O 18. Be2 Rfd8 19. O-O Nc6 20. Nxd5 Nxd4 21.
Nxe7+ Kf8 22. exd4 Kxe7 23. Rc7+ Rd7 24. Rxb7 Rxb7 25. Bf3 Rab8 26. Bxb7 Rxb7
27. Rc1 Kd6 28. Kf1 Re7 29. Rc4 a5 30. Rc5 Re4 31. Rxa5 Rxd4 32. Ke2 Kc6 33. Rh5
Re4+ 34. Kd3 Re1 35. Rxh7 Rc1 36. Kd4 Rc3 37. Rh3 Rc2 38. Rf3 f5 39. Rxf5 1-0

[Event "Titled Tue 27th May Late"]
[Site "chess.com INT"]
[Date "2025.05.27"]
[Round "5"]
[White "Bendayan Claros, Aaron"]
[Black "Fomevor, Cephas Clinton"]
[Result "1-0"]
[WhiteTitle "CM"]
[BlackTitle "CM"]
[WhiteElo "2224"]
[BlackElo "1883"]
[WhiteFideId "3803392"]
[BlackFideId "12601330"]
[EventDate "2025.05.27"]

1. d4 d5 2. Nf3 Nf6 3. e3 c5 4. Nbd2 Nc6 5. dxc5 Bg4 6. h3 Bh5 7. Bb5 e6 8. b4
Be7 9. Bb2 O-O 10. a3 Qc7 11. O-O Rac8 12. Be2 Nb8 13. c4 b6 14. Be5 Qb7 15.
cxb6 axb6 16. cxd5 Nxd5 17. Qb3 Nc6 18. Bb2 b5 19. Rac1 Rfd8 20. Ne4 Qb8 21. Nc5
Bf6 22. Bxf6 Nxf6 23. Rfd1 Ne5 24. Nxe5 Bxe2 25. Rxd8+ Rxd8 26. Nc6 Qc7 27. Nxd8
Qxd8 28. Qc2 Bc4 29. Rd1 Qf8 30. Qd2 Nd5 31. e4 Nf6 32. Qd8 g6 33. Qxf6 1-0